| Tag |
First Indicator |
Second Indicator |
Subfields |
| LEADER |
00000cas a2200000 a 4500 |
| 001 |
in00002368430 |
| 005 |
20151109041011.0 |
| 006 |
m d |
| 007 |
cr ||||||||||| |
| 008 |
080320c19929999bl tx pss 0 0por c |
| 010 |
|
|
|a 2008263210
|
| 022 |
|
|
|y 1413-6538
|
| 035 |
|
|
|a (OCoLC)ocn214329046
|
| 035 |
|
|
|a (OCoLC)214329046
|
| 037 |
|
|
|b Associação Brasileira de Pesquisadores em Educação Especial, Av. Hygino Muzzi Filho, 737, Caixa Postal 181, 17525-900 Marília São Paulo (Brasil)
|
| 040 |
|
|
|a TXA
|c TXA
|d TXA
|d UtOrBLW
|
| 041 |
0 |
|
|a por
|b eng
|
| 042 |
|
|
|a lcd
|
| 043 |
|
|
|a s-bl---
|
| 049 |
|
|
|a TXAM
|
| 050 |
1 |
4 |
|a LC3985.B7
|b R49 Electronic
|
| 082 |
0 |
4 |
|a 371.9/0981/05
|2 20
|
| 245 |
0 |
0 |
|a Revista brasileira de educação especial.
|
| 246 |
1 |
3 |
|a RBEE
|
| 264 |
|
1 |
|a Piracicaba, SP :
|b Editora UNIMEP,
|c [1992]-
|
| 310 |
|
|
|a Three issues yearly,
|b 2004-
|
| 321 |
|
|
|a Annual,
|b 1992-2000
|
| 321 |
|
|
|a Two issues yearly,
|b 2001-2003
|
| 336 |
|
|
|a text
|b txt
|2 rdacontent
|
| 337 |
|
|
|a computer
|b c
|2 rdamedia
|
| 338 |
|
|
|a online resource
|b cr
|2 rdacarrier
|
| 362 |
1 |
|
|a Began with: Vol. 1, no 1 (1992).
|
| 500 |
|
|
|a Description based on first issue; title from PDF editorial page (UNESP site, viewed Mar. 28, 2008).
|
| 500 |
|
|
|a Latest issue consulted: Volume 13, no 3 (set./dez. 2007) (Scielo, viewed Mar. 28, 2008).
|
| 515 |
|
|
|a None published 1993 and 1997-1998.
|
| 546 |
|
|
|a Portuguese with abstracts in English.
|
| 550 |
|
|
|a Issued by the Associação Brasileira de Pesquisadores em Educação Especial.
|
| 500 |
|
|
|a Electronic resource.
|
| 650 |
|
0 |
|a Special education
|z Brazil
|v Periodicals.
|
| 710 |
2 |
|
|a Editora UNIMEP.
|
| 710 |
2 |
|
|a Associação Brasileira de Pesquisadores em Educação Especial.
|
| 776 |
0 |
8 |
|i Also issued in print:
|t Revista brasileira de educação especial
|w (DLC) 95648858
|w (OCoLC)32886323
|
| 994 |
|
|
|a C0
|b TXA
|
| 948 |
|
|
|a cataloged
|b h
|c 2008/3/28
|d o
|e lfurubot
|g CO
|
| 999 |
|
|
|a MARS
|
| 999 |
f |
f |
|s dac15f24-3685-3ec3-8c92-e8134e232520
|i 65edfdd7-c4fb-3234-8552-a68ddc82c1b8
|t 0
|
| 952 |
f |
f |
|a Texas A&M University
|b College Station
|c Electronic Resources
|d Available Online
|t 0
|e LC3985.B7 R49
|g Electronic
|h Library of Congress classification
|
| 998 |
f |
f |
|a LC3985.B7 R49
|t 0
|l Available Online
|